000 00627nam a22002177a 4500
003 UA-OsUOA
001 64028
007 ta
008 20091027b un ||||| |||| 00| 0 ukr d
100 _aПетров К.Е.
090 _a32
_bП30
942 _cSA
040 _aUA-OsUOA
_brus
_cUA-OsUOA
_dUA-OsUOA
245 _aПолитический маркетинг на рынке социальных сетей: взлет и падение субкультур
300 _aС.177-187
955 _a0
041 _arus
080 _a32
773 0 _w64027
_tПолития
_dМ.
_d2009
_g2
650 7 _a32 Політика
_2UDC
999 _c350134
_d350134